000 00409nam a2200145 4500
001 122893
003 ES-MaACL
007 t|
008 070214s1983 sp r ||||0| spa d
100 1 _aPulido San Román, Antonio.
_994380
245 1 0 _aModelos econométricos /
_cAntonio Pulido San Román.
260 _aMadrid :
_bPirámide,
_c1983.
300 _a694 p ;
_c23 cm.
852 _aES-MaACL
_jL-4628
_bR.104437
999 _c122893
_d122893